000 00345nam a2200145Ia 4500
008 150201s2008 xx 000 0 und d
082 _a610
_bL08E
100 _aECKARDETEIN, ARNOLD V.
245 _aLIPID-MODIFYING THERAPHY
250 _a1ST
260 _bCEDILLA
_aUK
_c2008
300 _a1-118
650 _aGENERAL MEDICINE
942 _2ddc
_cBK
999 _c1752
_d1752